书目信息 |
| 题名: |
白人老爷
|
|
| 作者: | Jaenecke , 耶内克 著 ;赵振权 , 董光祖 译 | |
| 分册: | ||
| 出版信息: | 北京 世界知识出版社 1981 |
|
| 页数: | 196页 | |
| 开本: | 19cm | |
| 丛书名: | ||
| 单 册: | ||
| 中图分类: | D512 , D74 | |
| 科图分类: | ||
| 主题词: | 反种族歧视斗争--南非 , 政治 | |
| 电子资源: | ||
| ISBN: | ||
| 000 | 00967nam0 2200313 45 | |
| 001 | 0181002732 | |
| 005 | 20060817103617.09 | |
| 010 | @dCNY0.56 | |
| 091 | @a3003.1626 | |
| 100 | @a19950421d1981 em y0chiy0121 ea | |
| 101 | 1 | @achi@cger |
| 102 | @aCN@b110000 | |
| 105 | @ac z 000yy | |
| 200 | 10 | @a白人老爷@Abai ren lao ye@f(德)耶内克(H.Jaenecke)著@g赵振权, 董光祖译 |
| 210 | @a北京@c世界知识出版社@d1981 | |
| 215 | @a196页@c照片@d19cm | |
| 300 | @a书名原文:Die Weissen Herren 300 Jahre Krieg und Gewalt in Südafrika | |
| 510 | 1 | @aDie Weissen Herren 300 Jahre Krieg und Gewalt in Südafrika@zger |
| 606 | @a反种族歧视斗争@y南非 | |
| 606 | 0 | @a政治 |
| 690 | @aD512@v3 | |
| 690 | @aD74 | |
| 701 | A1 | @aJaenecke@bH.@4著 |
| 701 | 1 | @a耶内克@Aye nei ke@bH.@4著 |
| 702 | 0 | @a赵振权@Azhao zhen quan@4译 |
| 702 | 0 | @a董光祖@Adong guang zu@4译 |
| 801 | 2 | @aCN@bNLC@c20060817 |
| 801 | 0 | @aCN@b上海图书馆@c20040425 |
| 905 | @f2@b56953-954@dD74@e33 | |
| 白人老爷/(德)耶内克(H.Jaenecke)著/赵振权, 董光祖译.-北京:世界知识出版社,1981 |
| 196页:照片;19cm |
| 书名原文:Die Weissen Herren 300 Jahre Krieg und Gewalt in Südafrika |
| ISBN :CNY0.56 |
| ● |
| 相关链接 |
|
|
|
|
正题名:白人老爷
索取号:D74/33
 
预约/预借
| 序号 | 登录号 | 条形码 | 馆藏地/架位号 | 状态 | 备注 |
| 1 | 0056951 | 001921040 | 密集书库/ [索取号:D74/33] | 在馆 | |
| 2 | 0056952 | 001710740 | 密集书库/ [索取号:D74/33] | 在馆 | |
| 3 | 0056953 | 001015699 | 第一样本阅览室/ [索取号:D74/33] | 在馆 | |
| 4 | 0056954 | 001015671 | 第一借阅区/ [索取号:D74/33] | 在馆 | |
| 5 | 0056955 | 001710777 | 密集书库/ [索取号:D74/33] | 在馆 | |
| 6 | 0465302 | 204653026 | 密集书库/ [索取号:D74/33] | 在馆 | |
| 7 | 0465303 | 204653035 | 密集书库/ [索取号:D74/33] | 在馆 | |
| 8 | 0465304 | 204653044 | 密集书库/ [索取号:D74/33] | 在馆 | |
| 9 | 0465305 | 204653053 | 密集书库/ [索取号:D74/33] | 在馆 | |
| 10 | 0465306 | 204653062 | 密集书库/ [索取号:D74/33] | 在馆 |